Training and Productivity in Eastern Africa: A Report of the Eastern African University Research Project on the Impact of Overseas Training and Development. (Record no. 2436)

MARC details
005 - DATE AND TIME OF LATEST TRANSACTION
control field 20250519104630.0
020 ## - INTERNATIONAL STANDARD BOOK NUMBER
International Standard Book Number 0 435 89582 6
082 ## - DEWEY DECIMAL CLASSIFICATION NUMBER
Classification number LECT 378.67 MAL
100 ## - MAIN ENTRY--PERSONAL NAME
Author name MALIYAMKONO, T. L.
245 ## - TITLE STATEMENT
Title Training and Productivity in Eastern Africa: A Report of the Eastern African University Research Project on the Impact of Overseas Training and Development.
260 ## - PUBLICATION, DISTRIBUTION, ETC.
Place of publication, distribution, etc. London,
Name of publisher, distributor, etc. Heinemann,
Date of publication, distribution, etc. 1982.
300 ## - PHYSICAL DESCRIPTION
Extent xii, 385p.: ill.; table.
Other physical details Bibliography & Index.
Dimensions 22cm.
700 ## - ADDED ENTRY--PERSONAL NAME
Other authors/Editors ISHUMI, A. G., WELLS, S. J. & MIGOT-ADHOLLA, S. E.
942 ## - ADDED ENTRY ELEMENTS (KOHA)
Source of classification or shelving scheme Dewey Decimal Classification
Koha item type Books
Holdings
Date last seen Total checkouts Full call number Barcode Cost, replacement price Price effective from Koha item type Lost status Source of classification or shelving scheme Damaged status Not for loan Withdrawn status Home library Current library Shelving location Date acquired Cost, normal purchase price
06/28/2025   331.118 MAL DOM0003486 30000.00 06/28/2025 Books   Dewey Decimal Classification       CBE Dodoma CBE Dodoma General Collection 11/03/1994 10000.00
05/19/2025   LECT 378.67 MAL 0000009146 30000.00 05/19/2025 Books   Dewey Decimal Classification       College of Business Education Main Library College of Business Education Main Library General Collection 03/23/1994 10000.00
05/19/2025   LECT 378.67 MAL 0000009147 30000.00 05/19/2025 Books   Dewey Decimal Classification       College of Business Education Main Library College of Business Education Main Library General Collection 03/23/1994 10000.00